Children Act Handbook (Record no. 5912)

MARC details
000 -LEADER
fixed length control field 00435nam a22001577a 4500
008 - FIXED-LENGTH DATA ELEMENTS--GENERAL INFORMATION
fixed length control field 140630b xxu||||| |||| 00| 0 eng d
020 ## - INTERNATIONAL STANDARD BOOK NUMBER
International Standard Book Number 9-781-846-613-333
082 ## - DEWEY DECIMAL CLASSIFICATION NUMBER
Classification number 344.410327
Item number HER
100 ## - MAIN ENTRY--PERSONAL NAME
Personal name McFarlane&Hershman.
245 ## - TITLE STATEMENT
Title Children Act Handbook
Statement of responsibility, etc Hershman&Mcfarlane
250 ## - EDITION STATEMENT
Edition statement 1st ed.
260 ## - PUBLICATION, DISTRIBUTION, ETC. (IMPRINT)
Place of publication, distribution, etc Bristol,
Name of publisher, distributor, etc Jordan Publishing Limited.
Date of publication, distribution, etc 2012
300 ## - PHYSICAL DESCRIPTION
Extent v,767 p,;
Dimensions 23 cm
650 ## - SUBJECT ADDED ENTRY--TOPICAL TERM
Source of heading or term children act
942 ## - ADDED ENTRY ELEMENTS (KOHA)
Source of classification or shelving scheme Dewey Decimal Classification
Item type Books
Holdings
Withdrawn status Lost status Source of classification or shelving scheme Damaged status Not for loan Home library Current library Shelving location Date acquired Total Checkouts Full call number Barcode Date last seen Copy number Price effective from Koha item type Public note
    Dewey Decimal Classification     Law Development Centre Main Library Law Development Centre Main Library Text Books and Laws 06/30/2014   344.410327 HER 9942/2014 06/30/2014 1 06/30/2014 Books Reserve
    Dewey Decimal Classification     Law Development Centre Main Library Law Development Centre Main Library Text Books and Laws 06/30/2014   344.410327 HER 9943/2014 06/30/2014 1 06/30/2014 Books Reserve